El imperio de los incas

Guardat en:
Dades bibliogràfiques
Autor principal: Hagen, Víctor Wolfgang von (Autor)
Format: Llibre
Idioma:espanyol
Publicat: Ciudad de México Diana 1965
Matèries:
Etiquetes: Afegir etiqueta
Sense etiquetes, Sigues el primer a etiquetar aquest registre!

MARC

LEADER 00000nam a2200000 a 4500
001 UCO5756
003 CL-VaPUC
008 000915e19650000MX |||||||||||||||||spa|d
082 0 4 |a 985.019  |b HAG  |2 21 
100 |a Hagen, Víctor Wolfgang von  |e author  |9 450559 
245 1 3 |a El imperio de los incas 
300 |a 262 p 
942 |c BK 
945 |d 20000915 00:00:00  |a crobeson 
260 |a Ciudad de México  |b Diana  |c 1965 
650 0 |a Imperio Inca  |9 441384 
650 7 |a INCAS  |2 CL-VaPUC  |9 256565 
650 0 |a Historia de Perú  |9 316239 
650 0 |a Civilizaciones antiguas  |9 265998 
650 0 |a Arqueología   |9 265619 
651 0 |a Perú  |9 256567 
583 |a last modification  |c 20000915 00:00:00  |k Rodrigo Vera 
999 |c 291586  |d 291584 
952 |0 0  |1 0  |4 0  |6 985_019000000000000_HAG_1965  |7 0  |8 A  |9 341550  |a BIBART  |b BIBART  |d 2019-11-20  |i 1222244  |o 985.019 HAG 1965  |p 1222244  |r 2025-03-13  |w 2019-11-20  |y BK  |k ART